000 00695nam a2200229Ia 4500
005 20221122125821.0
008 131103s9999 xx 000 0 und d
020 _a333293290
_cRs 430
040 _aLoreto College
041 _aEnglish
082 _a821.9109
_bCAR
245 _aThirties poets
_b 'The Auden Group' : A selection of critical essays
_cEdited by Ronald Carter
260 _aBasingstoke and London
_bPalgrave Macmillan
_c1984
300 _a211p
440 _aCasebook Series
504 _aIncludes bibliographical references and index
650 _aEnglish Poetry-Criticism
651 _aEnglish Poetry
700 _aCarter, Ronald, ed
850 _aLCLIB
942 _cBK
999 _c19145
_d69624